00733nam a2200217Ia 4500003000900000008004100009040001300050040001300063041000800076100002000084100001000104245013300114250001100247260000800258260000900266300001000275490000600285942000700291999001700298952020000315IT-RoPAU120407s9999 xx 000 0 und d aIT-RoPAU cIT-RoPAU aita aGiuseppe Felten cdott. aStoria dei tempi del N.T. Giudaismo e paganesimo al tempo di N.S. Gesù€ Cristo e degli Apostoli. Vers. ital. di E. Bongiovanni. aTorino aSei c1932 c23 cm v1 cBK c23105d23105 00102ddc406220_900000000000000_3571aPAULUSbPAULUSd2012-04-11l0o220.9.35r2012-04-11 00:00:00w2012-04-11yBKzInserito da: Jole In data: 22 luglio 2011 fondo: Via A.Severo 56 Progr:33449